Russian Federal Subjects - Statistics

General Stats
  • This quiz has been taken 5,019 times
    1,851 since last reset
  • The average score is 43 of 83
Answer Stats
ANSWERS : % Correct
Capital City : {Moscow}
93%
{Moscow} Oblast
93%
Saint {Petersburg}
88%
Republic of {Dagestan}
74%
{Sakha} Republic
73%
{Jewish} Autonomous Oblast
71%
Republic of {Tatarstan}
69%
{Krasnodar} Krai
68%
Republic of {Karelia}
68%
{Altai} Krai
67%
{Altai} Republic
67%
{Chechen} Republic
67%
{Krasnoyarsk} Krai
64%
{Murmansk} Oblast
64%
{Omsk} Oblast
63%
{Kamchatka} Krai
62%
{Leningrad} Oblast
62%
{Perm} Krai
61%
{Rostov} Oblast
61%
{Volgograd} Oblast
61%
Republic of {North Ossetia-Alania}
59%
{Irkutsk} Oblast
58%
{Tuva} Republic
58%
{Komi} Republic
56%
{Novgorod} Oblast
56%
{Samara} Oblast
55%
{Tomsk} Oblast
55%
{Nenets} Autonomous Okrug
54%
{Arkhangelsk} Oblast
53%
{Novosibirsk} Oblast
53%
Republic of {Adygea}
53%
{Vladimir} Oblast
53%
{Chelyabinsk} Oblast
52%
{Kursk} Oblast
52%
Republic of {Bashkortostan}
52%
{Belgorod} Oblast
51%
{Chukotka} Autonomous Okrug
51%
Republic of {Buryatia}
51%
Republic of {Ingushetia}
51%
{Sakhalin} Oblast
51%
{Astrakhan} Oblast
50%
{Pskov} Oblast
50%
{Kaliningrad} Oblast
49%
{Mari El} Republic
49%
{Primorsky} Krai
49%
Republic of {Kalmykia}
49%
{Tver} Oblast
49%
{Voronezh} Oblast
49%
{Amur} Oblast
48%
{Magadan} Oblast
48%
{Saratov} Oblast
48%
{Smolensk} Oblast
48%
{Tula} Oblast
48%
{Bryansk} Oblast
47%
{Chuvash} Republic
47%
{Nizhny Novgorod} Oblast
47%
{Orenburg} Oblast
46%
{Khabarovsk} Krai
45%
{Stavropol} Krai
45%
{Udmurt} Republic
45%
{Kabardino-Balkar} Republic
44%
{Karachay-Cherkess} Republic
44%
{Yamalo-Nenets} Autonomous Okrug
43%
{Yaroslavl} Oblast
43%
Republic of {Mordovia}
42%
{Ryazan} Oblast
42%
{Vologda} Oblast
42%
{Tyumen} Oblast
41%
{Ivanovo} Oblast
39%
{Lipetsk} Oblast
39%
{Kaluga} Oblast
38%
{Kemerovo} Oblast
38%
Republic of {Khakassia}
38%
{Zabaykalsky} Krai
38%
{Kirov} Oblast
37%
{Oryol} Oblast
37%
{Penza} Oblast
37%
{Sverdlovsk} Oblast
37%
{Tambov} Oblast
37%
{Ulyanovsk} Oblast
37%
{Khanty-Mansi} Autonomous Okrug
35%
{Kostroma} Oblast
34%
{Kurgan} Oblast
34%
No matching quizzes found
Score Distribution
Percent of People with Each Score
Percentile by Number Answered
Your Score History
You have not taken this quiz since the last reset